02054nam a2200265 a 450000100100000000500170001000800410002702000180006804000250008608200220011111000930013324501250022626000850035130000390043650508450047559000250132065000550134565000600140065000520146065000690151270000330158191000370161495201200165199900170177100004351020250219170734.0140320s2014 dr ad 000 0 spa d a9789945888744 aDO-SdBNPbspacBNPHU a338.187293bR426s1 aRepública Dominicana. bMinisterio de Economía, Planificación y Desarrollo 96614210aSoberanía alimentaria :breforma agraria, biotecnología, leche y exportaciones agrícolas /ceditor Roberto E. Liz. aSanto Domingo :bFondo para el Fomento de la Investigación Económica,c2014. a416 p. :bil., gráfcs. ;c26 cm.0 tDiseño de un plan de manejo post-cosecha de tres productos agrícolas competitivos: café, aguacate y mango en las provincias Peravia y San José de Ocoa /rInstituto para la Cultura y la Autogestión Popular de la región noroeste (INCAP) --tSostenibilidad alimentaria y producción lechera en el marco de la soberanía alimentaria: análisis del caso dominicano /rJoel Arboleda y Celeste Solano, Fundación Internacional Veterinarios sin Fronteras --tViabilidad de los asentamientos de reforma agraria en la República Dominicana /rFátima Portorreal Liriano, Fundación Internacional Veterinarios sin Fronteras --tEfecto económico y social de la biotecnología en la producción de yautía coco (colocasia esculenta) en la República Dominicana /rInstituto de Innovación en biotecnología e industria (IIBI). aInventariado,2018/DG 4aAgricultura y estadozRepública Dominicana99297 4aInnovaciones agrícolaszRepública Dominicana937047 4aReforma agraríazRepública Dominicana97284 4aAgriculturaxAspectos económicoszRepública Dominicana915081 aLiz, Roberto E.,eed.937488 aValidado. Control de calidad EMS 0010718PDaPDbPDcHDd2014-03-20iLF1l0o338.187293 R426sp43510-10r2020-06-25w2020-06-25yLFPDZNo se presta c42999d42999